01126cam a2200253 450000100060000000300080000600500170001400800410003102000150007203500200008704000270010704100110013408200230014510000210016824501250018926000610031430000250037535000110040050003230041150400510073465000230078565000420080870000220085033853BD-RjUL20211209052053.0140511s1971 enk b 001 0 eng d a0435823809 a(BD-RjUL) 33945 aDLCcDLCdBD-RjULbeng1 aengger00a378.008bHAT 19771 aHabermas, Jurgen10aToward a rational society :bstudent protest, science and politics /ctranslated [from the German] by Jeremy J. Shapiro. aLondon :bHeinemann Educational,c1971 [Reprinted 1977]. aix, 132 p. ;c23 cm. a£1.50 a'The first three essays were published in "Protestbewegung und Hochschulreform" (1969) by Suhrkamp Verlag. The first and third essays were abridged for the English edition by the author. The last three essays were published in "Technik und Wissenschaft als 'Ideologie'" by Suhrkamp Verlag in 1968.' - title page verso. aIncludes bibliographical references and index. 0aEducation, Higher. 0aCollege studentsxPolitical activity. aJeremy J. Shapiro